Comunicaciones de la organización

Spremljeno u:
Bibliografski detalji
Glavni autori: Rodríguez Mansilla, Darío (Autor), Opazo Bretón, María Pilar (Autor)
Format: Knjiga
Jezik:španjolski
Izdano: Ciudad de México Alfaomega 2009
Izdanje:1a. ed
Teme:
Oznake: Dodaj oznaku
Bez oznaka, Budi prvi tko označuje ovaj zapis!

MARC

LEADER 00000nam a2200000 a 4500
001 UCH2520
003 CL-VaPUC
008 090618e20090000MX |||||||||||||||||spa|d
020 |a 9789701513330 
082 0 4 |a 658.45  |b ROD  |2 21 
100 0 |a Rodríguez Mansilla, Darío  |e author  |9 537378 
700 0 |a Opazo Bretón, María Pilar  |e author  |9 537379 
245 1 0 |a Comunicaciones de la organización 
250 |a 1a. ed 
300 |a 661 p 
942 |c BK 
945 |d 20090618 00:00:00  |a rbrito 
260 |a Ciudad de México  |b Alfaomega  |c 2009 
650 0 |a Comunicación organizacional   |9 312644 
650 0 |a Imagen corporativa  |9 464486 
650 0 |a Tecnología de la información   |9 254825 
583 |a last modification  |c 20160914 01:00:40  |k Rodrigo Vera 
999 |c 334251  |d 334249 
952 |0 0  |1 0  |4 0  |6 658_450000000000000_ROD_2009  |7 0  |8 A  |9 423127  |a BIBCUR  |b BIBCUR  |d 2019-11-22  |i 4668766  |o 658.45 ROD 2009  |p 4668766  |r 2025-04-22  |w 2019-11-22  |y BK  |k MGC